| 000 | 00866cam a2200265 i 4500 | ||
|---|---|---|---|
| 005 | 20200104041519.0 | ||
| 008 | 991105t19961998xxuabdo r 001 0 eng d | ||
| 015 | _aNNN | ||
| 020 | _a0716760320 | ||
| 020 | _a0716750570 | ||
| 040 |
_aCO-BoPUJ _cCO-BoIAVH _dCO-BoIAVH |
||
| 041 | 0 | _aeng | |
| 044 | _axxu | ||
| 082 | 0 | 4 |
_a333.95 _bD63c |
| 100 | 1 | _aDobson, Andrew P. | |
| 245 | 1 | 0 |
_aConservation and biodiversity / _cAndrew P. Dobson. |
| 260 |
_aNew York : _bScientific American Library, _cc1998. |
||
| 300 |
_avii, 264 p. : _bil., diagramas, fotos y mapas _c25 cm. |
||
| 504 | _aIncluye referencias bibliográficas e índice. | ||
| 650 | 1 | 4 |
_aDiversidad biológica _xConservación |
| 650 | 2 | 4 | _aConservación biológica |
| 650 | 2 | 4 | _aConservación de la vida silvestre |
| 650 | 2 | 4 | _aDiversidad biológica |
| 942 |
_2ddc _cLIBRO |
||
| 999 |
_c1258 _d1258 |
||